000
00222nam a22000857a 4500
008
161108b xxu||||| |||| 00| 0 eng d
100
_9
1056
_a
Manivasakam N
245
_a
Environmental Pollution
260
_a
New Delhi
_b
N B T
_c
2006
999
_c
3712
_d
3712